000 00612nam a2200229Ia 4500
003 GCL
008 140319s9999 xx 000 0 eng d
040 _aGCL /
_cGCL
082 0 4 _a822.33
_bS A
100 1 _aSHAKESPEARE, WILLIAM
245 1 0 _aALL'S WELL THAT ENDS WELL /
_cSHAKESPEARE, WILLIAM
700 1 _aINNES, SHEILA
700 1 _aHUDDLESTONE, ELIZABETH
260 _a[S.N] :
_bCAMBRIBGE UNIVERSITY PRESS ،
_c1993
300 _a188 P
650 0 4 _aENGLISH LITERATURE
650 0 4 _aTHEATER
650 0 4 _aSHAKESPEARE, WILLIAM
650 0 4 _aDRAMA
650 0 4 _aENGLISH THEATER
942 _2ddc
_cBK
999 _c18211
_d18211